[Event "CZE-chT2b 0506"]
[Site "Czech Republic"]
[Date "2005.12.18"]
[Round "5"]
[White "Spirek, Adam"]
[Black "Kazimour, Frantisek"]
[Result "1/2-1/2"]
[WhiteElo "2050"]
[BlackElo "1980"]
[PlyCount "85"]
[EventDate "2005.10.16"]
[EventType "team"]
[EventRounds "11"]
[EventCountry "CZE"]
[SourceTitle "EXT 2009"]
[Source "ChessBase"]
[SourceDate "2008.11.26"]
[SourceVersion "1"]
[SourceVersionDate "2008.11.26"]
[SourceQuality "1"]

1. e4 e6 2. d4 d5 3. Nd2 Nf6 4. e5 Nfd7 5. f4 c5 6. Ndf3 Nc6 7. c3 Qb6 8. Ne2 cxd4 9. cxd4 Be7 10. g3 0-0 11. Bh3 f6 12. Bxe6+ Kh8 13. exf6 Nxf6 14. Bxc8 Bb4+ 15. Kf1 Raxc8 16. Kg2 Ne4 17. Be3 Be7 18. Qb3 Qxb3 19. axb3 a6 20. Rhc1 Nb4 21. Ne1 Bd6 22. Rxc8 Rxc8 23. Rc1 Rxc1 24. Bxc1 Kg8 25. Nc3 Nf6 26. Kf3 h5 27. h3 Kf7 28. g4 g6 29. f5 hxg4+ 30. hxg4 gxf5 31. gxf5 Nc6 32. Nc2 Ne7 33. Ne3 b5 34. Bd2 Nc6 35. Ne2 b4 36. Ng4 Nxg4 37. Kxg4 Kf6 38. Bg5+ Kf7 39. Bf4 Bxf4 40. Kxf4 Kf6 41. Kg4 Ne7 42. Ng3 Nc6 43. Ne2 1/2-1/2

[Event "CZE-chT2b 0506"]
[Site "Czech Republic"]
[Date "2005.10.16"]
[Round "1"]
[White "Novacek, Jan"]
[Black "Spirek, Adam"]
[Result "1-0"]
[WhiteElo "2115"]
[BlackElo "2050"]
[PlyCount "55"]
[EventDate "2005.10.16"]
[EventType "team"]
[EventRounds "11"]
[EventCountry "CZE"]
[SourceTitle "EXT 2009"]
[Source "ChessBase"]
[SourceDate "2008.11.26"]
[SourceVersion "1"]
[SourceVersionDate "2008.11.26"]
[SourceQuality "1"]

1. e4 d5 2. exd5 Nf6 3. d4 Bg4 4. f3 Bf5 5. g4 Bg6 6. c4 e6 7. g5 Nh5 8. Nc3 Be7 9. f4 h6 10. Bg2 c6 11. dxe6 hxg5 12. f5 Bxf5 13. exf7+ Kxf7 14. Nf3 Nf4 15. Ne5+ Kg8 16. 0-0 Nxg2 17. Rxf5 Nh4 18. Rf2 Bf6 19. Qg4 Qe8 20. Bxg5 Bxg5 21. Qxg5 Nd7 22. Nf7 Rh7 23. d5 Rc8 24. Raf1 cxd5 25. Re2 Qf8 26. Nxd5 Qc5+ 27. Kh1 g6 28. Ne7+ 1-0

[Event "Imperia op-A 47th"]
[Site "Imperia"]
[Date "2005.08.29"]
[Round "2"]
[White "Kalod, Radek"]
[Black "Spirek, Adam"]
[Result "1-0"]
[WhiteElo "2492"]
[BlackElo "2050"]
[PlyCount "69"]
[EventDate "2005.08.28"]
[EventType "swiss"]
[EventRounds "9"]
[EventCountry "ITA"]
[SourceTitle "EXT 2022"]
[Source "ChessBase"]
[SourceDate "2021.10.06"]
[SourceVersion "1"]
[SourceVersionDate "2021.10.06"]
[SourceQuality "1"]

1. e4 d5 2. exd5 Nf6 3. c4 e6 4. d4 exd5 5. Nc3 Be7 6. Bg5 c6 7. Nf3 Ne4 8. Bxe7 Qxe7 9. Be2 Nxc3 10. bxc3 dxc4 11. 0-0 Be6 12. Re1 b5 13. a4 0-0 14. axb5 cxb5 15. d5 Bg4 16. Qd4 Bh5 17. g4 Bg6 18. Bxc4 Qb7 19. Bb3 a5 20. Ne5 a4 21. Ba2 Bc2 22. d6 Bb3 23. Bxb3 axb3 24. Rxa8 Qxa8 25. d7 Nxd7 26. Qxd7 b4 27. cxb4 b2 28. Qf5 g6 29. Qc2 Qa3 30. Nd3 Rd8 31. Nxb2 Qxb4 32. Re4 Qa5 33. Nc4 Qg5 34. Ne3 h5 35. Qc6 1-0

[Event "Most op"]
[Site "Most"]
[Date "2004.??.??"]
[Round "5"]
[White "Chmelik, Jiri"]
[Black "Spirek, Adam"]
[Result "1/2-1/2"]
[WhiteElo "2085"]
[BlackElo "2080"]
[PlyCount "62"]
[EventDate "2004.??.??"]
[EventType "swiss"]
[EventRounds "9"]
[EventCountry "CZE"]
[SourceTitle "EXT 2007"]
[Source "ChessBase"]
[SourceDate "2006.11.23"]
[SourceVersion "1"]
[SourceVersionDate "2006.11.23"]
[SourceQuality "1"]

1. d4 Nf6 2. c4 c5 3. d5 b5 4. cxb5 a6 5. bxa6 Bxa6 6. Nc3 d6 7. Nf3 g6 8. e4 Bxf1 9. Kxf1 Bg7 10. g3 0-0 11. Kg2 Qb6 12. Re1 Nbd7 13. h3 Qb7 14. Re2 Nb6 15. Qc2 h6 16. Bd2 Kh7 17. Rd1 Nc4 18. Bc1 Nd7 19. b3 Na3 20. Bxa3 Rxa3 21. Nb1 Ra6 22. a4 Qb4 23. Nbd2 Nb6 24. Qd3 c4 25. Nxc4 Nxc4 26. Qxc4 Qxc4 27. bxc4 Rxa4 28. c5 dxc5 29. e5 Rd8 30. Rc2 c4 31. Rd4 Ra5 1/2-1/2